000
00341nam a2200145Ia 4500
003
OSt
005
20240305150933.0
008
170524s9999 xx 000 0 und d
020
_a
978-8182830110
040
_c
iimtu meerut
100
_a
ARORA MEGHNA
245
0
_a
ACCOUNTING AND FINANCIAL MANAGEMENT
260
_a
Krishna
942
_2
ddc
_c
02
999
_c
3287
_d
3287